000 01283cam a2200277 i 4500
001 18043483
005 20241007132631.0
008 140224s2014 nyu 000 0deng
010 _a 2014003208
020 _a9780393244663 (hardcover : alk. paper)
040 _aDLC
_beng
_erda
_cDLC
_dDLC
042 _apcc
043 _an-us-ny
_an-us---
050 0 0 _aHG4928.5
_b.L478 2014
100 _aLewis, Michael
_q(Michael M.)
_97845
245 1 0 _aFlash boys
_b: a Wall Street revolt
_c/ Michael Lewis.
250 _aFirst Edition.
264 1 _aNew York :
_bW.W. Norton & Company,
_c[2014]
300 _a274 pages ;
_c25 cm
336 _atext
_btxt
_2rdacontent
520 _aIn Michael Lewis's game-changing bestseller, a small group of Wall Street iconoclasts realize that the U.S. stock market has been rigged for the benefit of insiders. They band together-some of them walking away from seven-figure salaries-to investigate, expose, and reform the insidious new ways that Wall Street generates profits. If you have any contact with the market, even a retirement account, this story is happening to you.
650 0 _aStockbrokers
_zUnited States.
650 0 _aFinance
_zUnited States
_xHistory
_y21st century.
651 0 _aWall Street (New York, N.Y.)
_924222
942 _2lcc
999 _c4341
_d4341